000
00278nam a22001337a 4500
008
170711b xxu||||| |||| 00| 0 eng d
020
_a
0791000583
041
_a
eng
080
_a
05
100
_a
23
101
_a
ENC
245
_a
BIRTH DEFECTS
_c
EDELSON,E
942
_2
udc
_c
BK
999
_c
20226
_d
20226